LEADER 01077nam0 22002773i 450 001 SUN0105539 005 20160519121830.882 010 $d0.00 100 $a20160519d1983 |0itac50 ba 101 $aita 102 $aIT 105 $a|||| ||||| 200 1 $aIl *negozio bilaterale romano$estruttura ed evoluzione in età classica$elezioni$fGeneroso Melillo 205 $aNapoli : Liguori, 1983 210 $aX$d156 p. ; 22 cm 215 $aBiblioteca Lauria. 410 1$1001SUN0022938$12001 $aStrumenti$1210 $aNapoli$cLiguori. 620 $dNapoli$3SUNL000005 700 1$aMelillo$b, Generoso$3SUNV001815$0200830 712 $aLiguori$3SUNV000052$4650 801 $aIT$bSOL$c20181109$gRICA 912 $aSUN0105539 950 $aUFFICIO DI BIBLIOTECA DEL DIPARTIMENTO DI GIURISPRUDENZA$d00 CONS BL.900M.689 $e00 BL 3850 SLP 995 $aUFFICIO DI BIBLIOTECA DEL DIPARTIMENTO DI GIURISPRUDENZA$gBL$h3850$kCONS BL.900M.689 SLP$oc$qa 996 $aNegozio bilaterale romano$9579008 997 $aUNICAMPANIA